Statistics for Countries that DON'T contain any letter of JETPUNK

Click here to take the quiz!

General Stats

  • This quiz has been taken 863 times
  • The average score is 12 of 22

Answer Stats

Country% Correct
Brazil
80%
Bolivia
72%
Colombia
68%
Mali
64%
Chad
63%
Samoa
63%
Laos
61%
Libya
60%
Morocco
59%
Iraq
56%
Bahamas
54%
Zambia
53%
Barbados
50%
Malawi
50%
Comoros
47%
Gambia
47%
Syria
47%
Madagascar
44%
Somalia
43%
Malaysia
38%
Moldova
38%
Cambodia
37%

Score Distribution

Percentile by Number Answered

Percent of People with Each Score

Your Score History

You have not taken this quiz